000 00455nam a22001937a 4500
003 OSt
005 20140310182829.0
008 130601t xxu||||| |||| 00| 0 eng d
050 _aBV 205
_b.B433 19_
082 _aM 248.4
_b T13 19_
245 _aTake the Wings of the Morning
_cBell, Verle
260 _cc19_
300 _a64 p.
521 _acollege students
526 _c1210L-1700L
541 _j1
562 _e1
942 _2lcc
_cBK
_kM
999 _c16586
_d16586